Glass of the sultans : /

محفوظ في:

المؤلف الرئيسي: Carboni, Stefano

التنسيق: كتاب

اللغة: Undetermined

منشور في: New York : Metropolitan Museum of Art, 2001.

الموضوعات:

الوسوم: إضافة وسم

لا توجد وسوم, كن أول من يضع وسما على هذه التسجيلة!

رقم الطلب: NK5108.9 .C37

LEADER 00710nam a2200181Ia 4500
008 220401s9999||||xx |||||||||||||| ||und||
020 |a 870999869 
050 4 |a NK5108.9 .C37 
100 1 |a Carboni, Stefano 
245 1 0 |a Glass of the sultans :  |b  /  |c Stefano Carboni. 
264 1 |a New York :  |b Metropolitan Museum of Art,  |c 2001. 
300 |a x, 330p. :  |b ill. (chiefly col.) ;  |c 30cm. 
500 |a includes bibliographical references and index. 
650 1 4 |a Glassware Islamic Exhibitions. 
650 1 4 |a Glassware Islamic influences Exhibitions. 
942 |2 lcc  |c BK 
952 |0 0  |1 0  |2 lcc  |4 0  |6 NK51089 C37  |7 1  |9 39276  |a ARCE  |b ARCE  |d 2022-04-01  |l 0  |o NK5108.9 .C37  |p 1003318  |r 2022-04-01 00:00:00  |w 2022-04-01  |y BK 
999 |c 46857  |d 46857